Clases, reproducción cultural y transmisión escolar: una introducción a las contribuciones teóricas de P. Bourdieu y B. Bernstein
में बचाया:
| मुख्य लेखक: | |
|---|---|
| स्वरूप: | पुस्तक |
| भाषा: | स्पेनिश |
| प्रकाशित: |
Santiago
CIDE
1987
|
| संस्करण: | 2a. ed |
| श्रृंखला: | Documento de Trabajo, 6
|
| विषय: | |
| टैग: |
टैग जोड़ें
कोई टैग नहीं, इस रिकॉर्ड को टैग करने वाले पहले व्यक्ति बनें!
|
MARC
| LEADER | 00000nam a2200000 a 4500 | ||
|---|---|---|---|
| 001 | UCW4077 | ||
| 003 | CL-VaPUC | ||
| 008 | 890825e19870000CL |||||||||||||||||spa|d | ||
| 082 | 0 | 4 | |a 306.43 |b COX |2 21 |
| 100 | 0 | |a Cox, Cristián |e author |9 308634 | |
| 245 | 1 | 0 | |a Clases, reproducción cultural y transmisión escolar: una introducción a las contribuciones teóricas de P. Bourdieu y B. Bernstein |
| 250 | |a 2a. ed | ||
| 300 | |a 44 p | ||
| 942 | |c BK | ||
| 945 | |d 19890825 00:00:00 | ||
| 260 | |a Santiago |b CIDE |c 1987 | ||
| 600 | 0 | 7 | |a BOURDIEU, PIERRE |2 CL-VaPUC |9 308635 |
| 600 | 0 | 7 | |a BERNSTEIN, BASIL |2 CL-VaPUC |9 308636 |
| 650 | 0 | |a Sociología de la educación |9 260380 | |
| 583 | |a last modification |c 19890825 00:00:00 |k Rodrigo Vera | ||
| 490 | 0 | |a Documento de Trabajo, 6 | |
| 999 | |c 217898 |d 217896 | ||
| 952 | |0 0 |1 0 |4 0 |6 306_430000000000000_COX_1987 |7 0 |8 A |9 206516 |a BIBEDU |b BIBEDU |d 2019-11-15 |i 2743310 |o 306.43 COX 1987 |p 2743310 |r 2019-11-15 |w 2019-11-15 |y BK |k EDU | ||
| 952 | |0 0 |1 0 |4 0 |6 306_430000000000000_COX_1987 |7 0 |8 A |9 206517 |a BIBEDU |b BIBEDU |d 2019-11-15 |i 2743329 |o 306.43 COX 1987 |p 2743329 |r 2019-11-15 |w 2019-11-15 |y BK |k EDU | ||
| 952 | |0 0 |1 0 |4 0 |6 306_430000000000000_COX_1987 |7 0 |8 A |9 206518 |a BIBEDU |b BIBEDU |d 2019-11-15 |i 2743337 |l 2 |o 306.43 COX 1987 |p 2743337 |r 2022-07-25 |s 2022-07-13 |w 2019-11-15 |y BK |k EDU | ||
| 952 | |0 0 |1 0 |4 0 |6 306_430000000000000_COX_1987 |7 0 |8 A |9 206519 |a BIBEDU |b BIBEDU |d 2019-11-15 |i 2743345 |o 306.43 COX 1987 |p 2743345 |r 2019-11-15 |w 2019-11-15 |y BK |k EDU | ||